000 00941nam a22001817a 4500
999 _c62907
_d62907
003 Ge_BSU
005 20250319105508.0
008 250319s1981 ge ||||| |||| 00| 0 geo d
041 _ageo
080 _a613.72(075.32) + 615.825(075.32) ს-45
100 _aსვანიშვილი, რ.
_911563
245 _aსპორტული მედიცინა და სამკურნალო ფიზკულტურა :
_b [სახელმძღვ. ფიზ. კულტ. ტექნიკუმისა და სამედ. სასწ. მოსწავლეთათვის] /
_cრ. სვანიშვილი.
264 _aთბ. :
_bგანათლება,
_c1981.
300 _a168გვ. :
_b ილ. ;
_c21სმ.
653 _aსპორტული მედიცინა
653 _aსამკურნალო ფიზკულტურა
942 _2udc
_cᲬᲘᲒᲜᲘ